Stories of knights / (Record no. 21667)

MARC details
000 -LEADER
fixed length control field 01410nam a2200289u 4500
005 - DATE AND TIME OF LATEST TRANSACTION
control field 00000000000000.0
008 - FIXED-LENGTH DATA ELEMENTS--GENERAL INFORMATION
fixed length control field 810522s1962 nyua j 00| 1 eng
010 ## - LCCN (DPL NO)
LC control number B-345540-542
020 ## - INTERNATIONAL STANDARD BOOK NUMBER
International Standard Book Number 9780746057827
Terms of availability 65.00
020 ## - INTERNATIONAL STANDARD BOOK NUMBER
International Standard Book Number 0746057822
Terms of availability 65.00
035 ## - SYSTEM CONTROL NUMBER
System control number B-345540-542
037 ## - SOURCE OF ACQUISITION
Source of stock number/acquisition Tarun Books
040 ## - CATALOGING SOURCE
Original cataloging agency dpl
Language of cataloging English
082 ## - DEWEY DECIMAL CLASSIFICATION NUMBER
Classification number S
245 ## - TITLE STATEMENT
Title Stories of knights /
Statement of responsibility, etc retold by Jane Bingham; illustrated by Alan Marks
260 ## - PUBLICATION, DISTRIBUTION, ETC. (IMPRINT)
Place of publication, distribution, etc London
Name of publisher, distributor, etc Usborne Publishing
Date of publication, distribution, etc 2004
270 ## - ADDRESS
Address Usborne House, 83-85 Saffron Hill,
City London
300 ## - PHYSICAL DESCRIPTION
Extent 48p. :
Other physical details ill.
Dimensions 20cm (pbk)
490 ## - SERIES STATEMENT
Series statement Usborne young reading; edited by Lesley Sims
Volume number/sequential designation series one
700 ## - ADDED ENTRY--PERSONAL NAME
Personal name Bingham, Jane
700 ## - ADDED ENTRY--PERSONAL NAME
Personal name Marks, Alan
942 ## - ADDED ENTRY ELEMENTS (KOHA)
Source of classification or shelving scheme Dewey Decimal Classification
Item type Children Books
Classification part S
Call number suffix STO
Holdings
Withdrawn status Lost status Source of classification or shelving scheme Damaged status Not for loan Collection code Home library Current library Date acquired Source of acquisition Cost, normal purchase price Total Checkouts Full call number Barcode Date last seen Copy number Cost, replacement price Koha item type Total Renewals
    Dewey Decimal Classification     Fiction Central Library Central Library 20/01/2009 Tarun Books/3947/21.5.09/13/23.4.09/4.7.09 65.00   S STO B-345540 20/01/2009 1 65.00 Children Books  
    Dewey Decimal Classification     Fiction Sarojini Nagar Sarojini Nagar 21/10/2009 Tarun Books/3947/21.5.09/13/23.4.09/4.7.09 65.00   S STO B-345541 21/10/2009 1 65.00 Children Books  
    Dewey Decimal Classification     Fiction Vinoba Puri Vinoba Puri 21/10/2009 Tarun Books/3947/21.5.09/13/23.4.09/4.7.09 65.00 3 S STO B-345542 29/12/2012 1 65.00 Children Books 1

© Delhi Public Library
Hit Counter
free hit counter